| 000 | 00449nam a2200181Ia 4500 | ||
|---|---|---|---|
| 001 | 1538 | ||
| 005 | 20260306143736.0 | ||
| 008 | 260306t2015||||xx |||||||||||||| ||spa|| | ||
| 041 | _aESP | ||
| 082 |
_a150.9 _bC39 |
||
| 100 |
_aCaycho Rodríguez, Tomás _eAUT |
||
| 245 | 0 | _aCorrespondencia entre Walter Blumenfeld y Edwin G. Boring (1956-1958) | |
| 260 | _c2015 | ||
| 300 |
_a _c |
||
| 650 | _aGEN | ||
| 654 | _aCPS | ||
| 942 |
_cLIB _dJUS _fJUS _2ddc _n |
||
| 999 |
_c1538 _d1538 |
||